000
00342nam a2200133Ia 4500
008
231129s9999||||xx |||||||||||||| ||spa||
020
_a
84-204-3205-9
040
_b
spa
082
_a
(i) 808.068 K19h
100
_a
Kastner Erich
245
0
_a
El hombre pequenito
264
_a
7. ed
942
_2
ddc
_c
BKS
999
_c
11284
_d
11284